[Event "Sao Paulo STD U2200 op 5th"]
[Site "Sao Paulo"]
[Date "2019.09.01"]
[Round "6"]
[White "Barreto, Michael Fernando Al"]
[Black "Dias, Joao Batista de Sou"]
[Result "0-1"]
[WhiteElo "1611"]
[BlackElo "1858"]
[PlyCount "68"]
[EventDate "2019.08.30"]
[EventType "swiss"]
[EventRounds "6"]
[EventCountry "BRA"]
[SourceTitle "CBM 195 Extra"]
[Source "ChessBase"]
[SourceDate "2020.05.31"]
[SourceVersion "1"]
[SourceVersionDate "2020.05.31"]
[SourceQuality "1"]

1. e4 g6 2. d4 Bg7 3. Nf3 c5 4. Be3 Nf6 5. Nc3 Ng4 6. Qd2 Nxe3 7. Qxe3 cxd4 8. Nxd4 Nc6 9. Nxc6 bxc6 10. Bc4 0-0 11. 0-0 Qb6 12. Qxb6 axb6 13. Nd1 d6 14. c3 b5 15. Bd3 Be6 16. a3 Rfb8 17. f4 b4 18. f5 Bd7 19. cxb4 Rxb4 20. Rb1 Rb6 21. g4 Bd4+ 22. Kg2 c5 23. g5 Bc6 24. f6 exf6 25. gxf6 Re8 26. Rf4 d5 27. exd5 Bxd5+ 28. Kf1 Bxf6 29. a4 Bg5 30. Rg4 Bd2 31. Nf2 Rf6 32. Bc4 h5 33. Bxd5 hxg4 34. b3 Re5 0-1

[Event "Sao Paulo STD U2200 op 5th"]
[Site "Sao Paulo"]
[Date "2019.08.31"]
[Round "4"]
[White "Flores, Clarice Soares Leit"]
[Black "Barreto, Michael Fernando Al"]
[Result "0-1"]
[WhiteElo "1495"]
[BlackElo "1611"]
[PlyCount "88"]
[EventDate "2019.08.30"]
[EventType "swiss"]
[EventRounds "6"]
[EventCountry "BRA"]
[SourceTitle "CBM 195 Extra"]
[Source "ChessBase"]
[SourceDate "2020.05.31"]
[SourceVersion "1"]
[SourceVersionDate "2020.05.31"]
[SourceQuality "1"]

1. d4 d5 2. Bf4 Nf6 3. e3 Bf5 4. c4 e6 5. Nc3 Bd6 6. Bg3 c6 7. Qb3 b6 8. Nf3 Bxg3 9. hxg3 Qc7 10. Be2 Nbd7 11. Nh4 Be4 12. cxd5 Bxd5 13. Nxd5 cxd5 14. Nf3 Rc8 15. Bd3 Qd6 16. 0-0 h5 17. Rac1 Ke7 18. Rc2 Rxc2 19. Qxc2 e5 20. dxe5 Nxe5 21. Nxe5 Qxe5 22. Rc1 Rd8 23. Qc7+ Qxc7 24. Rxc7+ Rd7 25. Rc2 d4 26. exd4 Rxd4 27. Bf5 Rd1+ 28. Kh2 Rd5 29. Bc8 Kd6 30. Bb7 Rc5 31. Rd2+ Kc7 32. Bf3 Rc4 33. b3 Rc5 34. Re2 Kd6 35. Rd2+ Kc7 36. Re2 Kb8 37. Re7 Rc7 38. Re2 Kc8 39. Rd2 Rd7 40. Rc2+ Kd8 41. Re2 Rd6 42. Bb7 g5 43. Rc2 Ng4+ 44. Kh3 Rd1 0-1

[Event "Sao Paulo STD Gansl op"]
[Site "Sao Paulo"]
[Date "2019.05.25"]
[Round "4"]
[White "Barreto, Michael Fernando Al"]
[Black "Costa, Iaggo Bernini"]
[Result "1-0"]
[WhiteElo "1688"]
[BlackElo "1516"]
[PlyCount "109"]
[EventDate "2019.05.24"]
[EventType "swiss"]
[EventRounds "6"]
[EventCountry "BRA"]
[SourceTitle "CBM 190 Extra"]
[Source "ChessBase"]
[SourceDate "2019.07.15"]
[SourceVersion "1"]
[SourceVersionDate "2019.07.15"]
[SourceQuality "1"]

1. e4 e5 2. Nf3 Nf6 3. Nxe5 d6 4. Nf3 Nxe4 5. Qe2 Qe7 6. d3 Nf6 7. Qxe7+ Bxe7 8. Be2 0-0 9. 0-0 Nc6 10. Bd2 Bd7 11. Nc3 Ne5 12. d4 Ng6 13. Bd3 Bc6 14. Rfe1 Bd8 15. Ne4 Nxe4 16. Bxe4 Bxe4 17. Rxe4 d5 18. Re2 Bf6 19. Rae1 h6 20. h3 Rac8 21. Bb4 Rfd8 22. Bd2 b6 23. c3 c5 24. dxc5 bxc5 25. Nh2 Rb8 26. b3 Rb7 27. Ng4 Be7 28. Ne5 Nxe5 29. Rxe5 Rdd7 30. Rd1 Bf6 31. Rf5 d4 32. cxd4 Bxd4 33. Re1 Re7 34. Be3 Bxe3 35. Rxe3 Rxe3 36. fxe3 Rc7 37. Kf2 Kf8 38. Re5 f6 39. Rd5 Ke7 40. Kf3 Ke6 41. Rd3 Rd7 42. Rxd7 Kxd7 43. Ke4 Ke6 44. g4 g6 45. h4 h5 46. gxh5 gxh5 47. Kf4 a6 48. e4 a5 49. a4 Kf7 50. Kf5 Kg7 51. Ke6 Kg6 52. Kd6 Kf7 53. Kxc5 Ke6 54. b4 axb4 55. Kxb4 1-0

[Event "Sao Paulo STD U2200 op 4th"]
[Site "Sao Paulo"]
[Date "2018.12.07"]
[Round "2"]
[White "Barreto, Michael Fernando Al"]
[Black "Brossa, Gustavo Mendes"]
[Result "1/2-1/2"]
[WhiteElo "1727"]
[BlackElo "1535"]
[PlyCount "130"]
[EventDate "2018.12.07"]
[EventType "swiss"]
[EventRounds "6"]
[EventCountry "BRA"]
[SourceTitle "EXT 2021"]
[Source "ChessBase"]
[SourceDate "2020.10.23"]
[SourceVersion "1"]
[SourceVersionDate "2020.10.23"]
[SourceQuality "1"]

1. Nf3 d5 2. d4 c6 3. c4 e6 4. e3 Nf6 5. cxd5 cxd5 6. Bb5+ Bd7 7. Qd3 a6 8. Bxd7+ Nbxd7 9. Nc3 Bb4 10. a3 Bxc3+ 11. bxc3 Ne4 12. c4 Ndf6 13. 0-0 dxc4 14. Qxc4 0-0 15. Bb2 Qb6 16. Rab1 Rfc8 17. Qd3 Qd6 18. Rbc1 Nc5 19. Qc4 Ncd7 20. Qb3 b5 21. Rc2 Nb6 22. Rfc1 Rxc2 23. Qxc2 Nc4 24. Nd2 Ng4 25. g3 Nxd2 26. Qxd2 h5 27. Qc3 Qd5 28. Qc6 Rd8 29. Qxd5 Rxd5 30. Rc6 Rf5 31. Rc2 Kf8 32. h3 Nf6 33. Rc5 Rd5 34. Rc6 Ne4 35. Kg2 Rd6 36. Rc2 Ke7 37. f3 Nf6 38. e4 Rb6 39. Rc5 g6 40. Bc3 Rb8 41. Bb4 Kd7 42. Bc3 Rc8 43. Rxc8 Kxc8 44. d5 Ne8 45. dxe6 fxe6 46. Kf2 Kd7 47. Ke3 Kc6 48. Bb4 Nd6 49. Kf4 Nf7 50. g4 g5+ 51. Ke3 h4 52. f4 Kd7 53. fxg5 Nxg5 54. Be1 e5 55. Bxh4 Nxh3 56. Kd3 Ke6 57. Kc3 a5 58. Be1 b4+ 59. axb4 axb4+ 60. Kd3 b3 61. Bh4 Kf7 62. Kc3 Kg6 63. Kxb3 Ng5 64. Kc4 Nxe4 65. Kd5 Nf6+ 1/2-1/2